| 000 | 00405nam a2200157Ia 4500 | ||
|---|---|---|---|
| 003 | LK-CoDNM | ||
| 008 | 010623t xxu||||| |||| 00| 1 eng d | ||
| 040 |
_aLK-CoDNM _dLK-CoDNM _eLK-CoDNM |
||
| 041 | _aeng | ||
| 080 | _a(x)711.3 RAT | ||
| 100 | _aRathnaweera, D.De S. | ||
| 245 | _aTask force study on training in rural development | ||
| 300 | _b69, 21.5 cm | ||
| 650 | _aRural Development | ||
| 942 | _cBK | ||
| 999 |
_c135878 _d135878 |
||